• 首页
  • 本馆介绍
  • 公告通知
  • 最新文献
  • 馆藏检索
  • 电子资源
  • 读者导购
  • 参考咨询
  • 我的图书馆
  • 登录
  • 详细信息显示
  • 放入我的书架
  • 预约/预借图书
  • 作者相关作品
  • 分类相关作品
  • 丛书相关作品
  • 出版社相关作品

书目信息

  • 表格格式
  • 工作单格式
  • 卡片格式
题名:
合唱、指挥及中外合唱作品精选
    
 
作者: 文思隆 编
分册:  
出版信息: 重庆   西南师范大学出版社  2002
页数: 244页
开本: 26cm
丛书名: 21世纪音乐教育丛书
单 册:
中图分类: J652.53
科图分类:
主题词: 合唱--歌曲--世界
电子资源:
ISBN: 7-5621-1740-3
000 00664nam2 2200217 45
001 0404201088
005 20070703081802.56
010    @a7-5621-1740-3@dCNY24.00
100    @a20040420d2002 km y0chiy0120 ea
101 0  @achi
200 1  @a合唱、指挥及中外合唱作品精选@AHe Chang、Zhi Hui Ji Zhong Wai He Chang Zuo Pin Jing Xuan@f文思隆编@FWen Si Long Bian
205    @a2版
210    @a重庆@c西南师范大学出版社@d2002
215    @a244页@d26cm
225    @a21世纪音乐教育丛书
410    @12001 @a21世纪音乐教育丛书
606 0  @a合唱@x歌曲@y世界
690    @aJ652.53@v4
701  0 @a文思隆@4编
801    @aCN@bTSTC@c20070703
905    @b331830-834@dJ652.53@e300=2@f5
    
    合唱、指挥及中外合唱作品精选/文思隆编.-2版.-重庆:西南师范大学出版社,2002
    244页;26cm.-(21世纪音乐教育丛书)
    
    
    ISBN 7-5621-1740-3:CNY24.00
    
●
相关链接 在E读中查询图书 在五车中查询图书 在当当中查询图书 在豆瓣中查询图书


正题名:合唱、指挥及中外合唱作品精选     索取号:J652.53/300=2         预约/预借

序号 登录号 条形码 馆藏地/架位号 状态 备注
1 0331830   203318301   第一借阅区/ [索取号:J652.53/300=2] 在馆    
2 0331831   203318310   第一借阅区/ [索取号:J652.53/300=2] 在馆    
3 0331832   203318329   第一借阅区/ [索取号:J652.53/300=2] 在馆    
4 0331833   203318338   第一借阅区/ [索取号:J652.53/300=2] 在馆    
5 0331834   203318347   第一样本阅览室/ [索取号:J652.53/300=2] 在馆    
6 0764133   207641337   密集书库/ [索取号:J652.53/300=2] 在馆    
7 0764134   207641346   密集书库/ [索取号:J652.53/300=2] 在馆    
8 0764135   207641355   密集书库/ [索取号:J652.53/300=2] 在馆    
9 0764483   207644833   密集书库/ [索取号:J652.53/300=2] 在馆    
唐山师范学院图书馆 欢迎您!
大连网信软件有限公司© 版权所有